00497nmm a2200169Ia 4500008004100000020001800041041000800059100001700067245004100084264003900125300001800164490002600182650003000208700001700238700002100255856005100276251105s9999||||xx |||||||||||||||||und|| a9788446046035 aspa aBekoff, Mark 0aUna agenda para la cuestión animal a[Madrid, España] :bAkal, c2018 a276 páginas aPensamiento crítico aSocial Sciences (General) aBekoff, Mark1 a Pierce, Jessica uhttps://public.digitaliapublishing.com/a/55157